|
|
|
|
| LEADER |
00000nam0a2200000 4500 |
| 001 |
676235 |
| 005 |
20241102134051.0 |
| 035 |
|
|
|a (RuTPU)RU\TPU\retro\27819
|
| 035 |
|
|
|a RU\TPU\retro\27463
|
| 090 |
|
|
|a 676235
|
| 100 |
|
|
|a 20241102d1977 k y0rusy50 ca
|
| 101 |
0 |
|
|a rus
|
| 102 |
|
|
|a RU
|
| 105 |
|
|
|a a z 001yy
|
| 181 |
|
0 |
|a i
|b e
|
| 182 |
|
0 |
|a n
|
| 183 |
|
0 |
|a nc
|2 RDAcarrier
|
| 200 |
1 |
|
|a Добыча нефти
|e [сборник статей]
|f Всесоюзный нефтегазовый научно-исследовательский институт (ВНИИ) ; под ред. Г. Г. Вахитова
|
| 203 |
|
|
|a Текст
|b визуальный
|c непосредственный
|
| 210 |
|
|
|a Москва
|c Изд-во ВНИИ
|d 1977
|
| 215 |
|
|
|a 156 с.
|c ил.
|
| 225 |
1 |
|
|a Труды Всесоюзного нефтегазового научно-исследовательского института (ВНИИ)
|v Вып. 60
|
| 283 |
|
|
|a volume
|2 RDAcarrier
|
| 320 |
|
|
|a Литература в конце статей
|
| 606 |
1 |
|
|a Нефтегазовые месторождения
|x Системы разработки
|x Эксплуатация
|2 stltpush
|3 (RuTPU)RU\TPU\subj\45562
|9 64757
|
| 610 |
1 |
|
|a нефтяные месторождения
|
| 610 |
1 |
|
|a разработка
|
| 610 |
1 |
|
|a технология
|
| 610 |
1 |
|
|a пористые среды
|
| 610 |
1 |
|
|a жидкости
|
| 610 |
1 |
|
|a газожидкостные смеси
|
| 610 |
1 |
|
|a фильтрация
|
| 610 |
1 |
|
|a нефтеотдача
|
| 610 |
1 |
|
|a повышение
|
| 610 |
1 |
|
|a продуктивные пласты
|
| 610 |
1 |
|
|a геологическая неоднородность
|
| 610 |
1 |
|
|a обводненные скважины
|
| 610 |
1 |
|
|a отключение
|
| 675 |
|
|
|a 622.276
|v 4
|
| 702 |
|
1 |
|a Вахитов
|b Г. Г.
|4 340
|
| 712 |
0 |
2 |
|a Всесоюзный нефтегазовый научно-исследовательский институт (ВНИИ)
|c (Москва)
|c (1953-1987)
|3 (RuTPU)RU\TPU\col\11487
|4 570
|
| 801 |
|
0 |
|a RU
|b 63413507
|c 20241102
|
| 830 |
|
|
|a Ретро2024Каталогизация Шило
|
| 850 |
|
|
|a 63413507
|
| 942 |
|
|
|c BK
|